The 100 personnages par image - Statistiques

Statistiques générales
  • Ce quiz a été pris 1 154 fois
  • Le résultat moyen est 22 sur 40
Statistiques - réponses
Par images Réponse % Correct
Bellamy
98%
Octavia
96%
Clarke
93%
Raven
90%
Lexa
87%
Jasper
86%
Lincoln
85%
Murphy
81%
Monty
80%
Madi
74%
Abby
71%
Jaha
71%
Harper
69%
Maya
67%
Echo
66%
Indra
66%
Luna
66%
Emori
65%
A.L.I.E
59%
Roan
58%
Marcus Kane
57%
Hope
54%
Josephine
51%
Gaia
46%
Nathan Miller
46%
Eric Jackson
44%
Anya
43%
Ontari
43%
Titus
43%
Russel
32%
Jake Griffin
28%
Miles Shaw
26%
Aden
23%
Ilian
22%
Cage Wallace
19%
Nia
18%
Sheidheda
17%
Gina
11%
Simone
9%
Becca Pramheda
6%
Aucun quiz correspondant
Distribution des résultats
% des personnes avec chaque résultat
Percentile par nombre de réponses
Votre historique - résultats
Vous n’avez pas pris ce quiz